Cinéma par décennies - Années 2010 - Statistiques

Statistiques générales
  • Ce quiz a été pris 435 fois
  • Le résultat moyen est 7 sur 15
Statistiques - réponses
Hint Réponse % Correct
Film français de 2011 d'où est tirée la réplique "Pas de bras, pas de chocolat" Intouchables
87%
Film muet avec Jean Dujardin rendant hommage aux films des années 1920 The Artist
78%
Biopic sur Mark Zuckerberg The Social Network
73%
Film coréen dont les thèmes principaux sont la lutte des classes et l'inégalité sociale Parasite
70%
Remake en animation 3D d'un célèbre Disney Le Roi lion
60%
Producteur américain accusé par plus de 90 femmes d'agressions sexuelles Harvey Weinstein
56%
Réalisatrice française connue pour sa coiffure en bob décédée en 2019 Agnès Varda
40%
Triologie musicale sur un groupe d'a cappella Pitch Perfect
37%
Société de production américaine connue pour avoir produit Midsommar et Uncut Gems A24
36%
Film oscarisé en 2017 après que La La Land ait été annoncé gagnant par erreur Moonlight
33%
Acteur britannique ayant décroché son troisième Oscar du meilleur acteur Daniel Day-Lewis
29%
Film américain filmé sur une période de 11 ans jusqu'à 2013 Boyhood
23%
Film français ayant reçu la Palme d'or après avoir choqué une partie du public La Vie d'Adèle
20%
Film d'animation sur un célèbre super-héros Marvel Spider-Man : New Generation
14%
Quatrième opus d'une saga à succès des années 80 Mad Max : Fury Road
7%
Aucun quiz correspondant
Distribution des résultats
% des personnes avec chaque résultat
Percentile par nombre de réponses
Votre historique - résultats
Vous n’avez pas pris ce quiz